Organická chémia 6. časť Programy pre Repex

Bibliographic Details
Main Author: Jíra, Vladimír (Author)
Format: Book
Language:Slovak
PhysicalDescription:244 s. sch. 29 cm
Published: Banská Bystrica Učebné pomôcky 1977
Edition:1. vyd.
Subjects:

MARC

LEADER 00000cam a2200000 a 4500
001 vtls010630406
003 SK-MaSNL
005 20260301134001.0
008 250313s1977 xo a p 000 0 slo
015 |a SNBA1977 
035 |a D5553782-ED3D-46C5-A523-492FCEAAE930 
035 |a urn:nbn:sk:snk-amlfgg 
035 |a urn:nbn:sk:snk-am008xh0 
040 |a SNK  |b slo  |c SNK  |e AACR2 
041 0 |a slo 
044 |a xo  |c SK 
080 |a 547(076.3)  |2 1981 
100 1 |a Jíra, Vladimír  |4 aut  |9 61154 
245 1 0 |a Organická chémia  |n 6. časť  |p Programy pre Repex  |c Vladimír Jíra 
246 3 0 |a Programy pre Repex 
250 |a 1. vyd. 
260 |a Banská Bystrica  |b Učebné pomôcky  |c 1977 
300 |a 244 s.  |b sch.  |c 29 cm 
500 |a Voľné listy v prebale. Schválené ako učeb. pomôcka pre SOŠ chem. 
650 0 7 |a organická chémia  |2 SNKPH  |9 851 
650 0 7 |a REPEX (skúšacie stroje)  |2 SNKPH  |9 336950 
650 0 7 |a učebné pomôcky  |2 SNKPH  |9 13833 
655 7 |a programy  |2 SNKPH  |9 70598 
852 |a Slovenská národná knižnica 
958 |a OND 
999 |c 755320  |d 757250 
952 |a SNK  |b SNK  |y PREZ  |7 0  |p 17A0998486  |o snkSB 30339/6  |i snkKSP 6494/80  |0 0  |1 0  |4 0  |d 2014-10-23  |f 1  |l 0  |r 2025-04-03 00:00:00  |w 2026-02-23